000 00800nam a2200217Ii 4500
003 JO-AjNU
008 230605s9999||||xx |||||||||||||| ||und||
017 _a2011/10254
020 _a978-977-328-872-6
040 _aJO-AjNU
_bara
_erda
_cJO-AjNU
041 _aara
050 1 4 _aLC4704.I27 2012
100 3 _aإبراهيم، سليمان عبد الواحد يوسف,
_eauthor
_944431
245 0 0 _aالإرشاد النفسي والتربوي لذوي صعوبات التعلم
264 3 1 _aالإسكندرية: دار الجامعة الجديدة،2012
300 _a280ص
336 _atext
_btxt
_2rdacontent
337 _aunmediated
_bn
_2rdamedia
338 _avolume
_bnc
_2rdacarrier
650 4 _aصعوبات التعلم لدى الاطفال المعاقين - تعليم
_944432
999 _aA19185
_c22753
_d22753